000
00321nam a22001457a 4500
003
SGT
020
_a
9789386515124
082
_a
345.06
_b
MON
100
_a
MONIR , M
245
_a
TEXTBOOK ON THE LAW OF EVIDENCE
250
_a
11
260
_a
GURGAON
_b
LEXIS NEXIS
_c
2019
300
_a
LXXIV , 520
942
_2
ddc
_c
BK
_0
25
999
_c
19779
_d
19779